São Paulo City Trivia - Statistics

General Stats
  • This quiz has been taken 7 times
  • The average score is 10 of 18
Answer Stats
Clue Answer % Correct
English translation of the name "São Paulo" Saint Paul
86%
Name given to a resident of the city of São Paulo Paulistano
71%
Second largest city in Brazil after São Paulo Rio de Janeiro
71%
Busiest port city in Brazil, located 84 km southeast of São Paulo Santos
71%
Name one of the three Série A football clubs in São Paulo Corinthians | Palmeiras | São Paulo
57%
Motor circuit where the São Paulo Grand Prix takes place Interlagos
57%
Small river in São Paulo where Brazil declared independence from Portugal * hint: name appears in the first line of Brazil's national anthem {Ipiranga} Brook
57%
Liberdade was known historically for having many people from this Asian country Japan
57%
Two-letter district located in the heart of São Paulo
57%
System of escarpments that separates the São Paulo plateau from the Atlantic Ocean Serra do {Mar}
57%
São Paulo is the most populous city and ____ of Brazil State
57%
Largest river that flows through São Paulo Tietê River
57%
Crop that was the main driver of São Paulo's rapid growth in the late 19th century Coffee
43%
Leader of Brazil's independence movement who said "Independência ou Morte!" Dom Pedro I
43%
Most populous suburb of São Paulo Guarulhos
43%
São Paulo suburb with the headquarters of Banco Bradesco Osasco
43%
B3 is the largest _____ ________ in all of Latin America Stock Exchange
43%
São Paulo businessman Octávio Frias de Oliveira is the namesake of a famous _____ Bridge
14%
No matching quizzes found
Score Distribution
Percent of People with Each Score
Percentile by Number Answered
Your Score History
You have not taken this quiz